Yo fui embajador de Pérez Jiménez / (Record no. 22177)

MARC details
000 -LEADER
campo de control de longitud fija 00971cam a22003011 4500
001 - NÚMERO DE CONTROL
campo de control 30855
005 - FECHA Y HORA DE LA ÚLTIMA TRANSACCIÓN
campo de control 20230410103611.0
008 - DATOS DE LONGITUD FIJA--INFORMACIÓN GENERAL
campo de control de longitud fija 761229s1973 ve h b 001 0aspa
035 ## - NÚMERO DE CONTROL DEL SISTEMA
-- (DLC) 74227030
035 ## - NÚMERO DE CONTROL DEL SISTEMA
Número de control de sistema 3630635
010 ## - NÚMERO DE CONTROL DE LA BIBLIOTECA DEL CONGRESO
Número de control de LC 74227030
040 ## - FUENTE DE CATALOGACIÓN
Centro catalogador/agencia de origen DLC
Centro/agencia transcriptor ICU
Centro/agencia modificador DLC
043 ## - CÓDIGO DE ÁREA GEOGRÁFICA
Código de área geográfica s-ve---
050 14 - SIGNATURA TOPOGRÁFICA DE LA BIBLIOTECA DEL CONGRESO
Número de clasificación 120 F 2326
Número de ítem A469y 1973
082 00 - NÚMERO DE LA CLASIFICACIÓN DECIMAL DEWEY
Número de clasificación 327/.2/0924
-- B
100 1# - ENTRADA PRINCIPAL--NOMBRE DE PERSONA
Nombre de persona Altuve Carrillo, Leonardo,
Fechas asociadas al nombre 1910-
245 10 - MENCIÓN DEL TÍTULO
Título Yo fui embajador de Pérez Jiménez /
Mención de responsabilidad, etc. Leonardo Altuve Carrillo.
260 ## - PUBLICACIÓN, DISTRIBUCIÓN, ETC.
Lugar de publicación, distribución, etc. Caracas :
Nombre del editor, distribuidor, etc. Talleres de Tipografía y Litografía Ortíz e Hijos,
Fecha de publicación, distribución, etc. 1973.
300 ## - DESCRIPCIÓN FÍSICA
Extensión ix, 494 p.
Otras características físicas facsims.
Dimensiones 24 cm.
350 ## - PRECIO (NR) (BK AM CF MU VM SE) [OBSOLETO]
Precio Bs34.00
504 ## - NOTA DE BIBLIOGRAFÍA, ETC.
Nota de bibliografía, etc. Includes bibliographical references.
600 10 - PUNTO DE ACCESO ADICIONAL DE MATERIA--NOMBRE DE PERSONA
Nombre de persona Altuve Carrillo, Leonardo,
Fechas asociadas al nombre 1910-
600 10 - PUNTO DE ACCESO ADICIONAL DE MATERIA--NOMBRE DE PERSONA
Nombre de persona Pérez Jiménez, Marcos,
Fechas asociadas al nombre 1914-2001.
651 #0 - PUNTO DE ACCESO ADICIONAL DE MATERIA--NOMBRE GEOGRÁFICO
Nombre geográfico Venezuela
Subdivisión general Foreign relations.
651 #0 - PUNTO DE ACCESO ADICIONAL DE MATERIA--NOMBRE GEOGRÁFICO
Nombre geográfico Venezuela
Subdivisión general Politics and government
Subdivisión cronológica 1935-1958.
942 ## - ELEMENTOS DE ENTRADA SECUNDARIOS (KOHA)
Fuente del sistema de clasificación o colocación Clasificación de Library of Congress
Tipo de ítem Koha
985 ## -
-- UCL/UCL
-- COMARC
Holdings
Estatus retirado Estado de pérdida Fuente del sistema de clasificación o colocación Estado de daño No para préstamo Colección Biblioteca de origen Biblioteca actual Ubicación en estantería Fecha de adquisición Serial enumeration / chronology Signatura topográfica completa Código de barras Visto por última vez Copia número Tipo de ítem Koha
    Clasificación de Library of Congress     Recursos Regionales Biblioteca Juan Bosch Biblioteca Juan Bosch Recursos Regionales (2do. Piso) 10/04/2023 1 120 F 2326 A469y 1973 00000032913 23/10/2018 1